Air mail (Record no. 1491)

000 -LEADER
fixed length control field 00385nam a22001577a 4500
003 - CONTROL NUMBER IDENTIFIER
control field OSt
008 - FIXED-LENGTH DATA ELEMENTS--GENERAL INFORMATION
fixed length control field 150321b xxu||||| |||| 00| 0 eng d
041 ## - LANGUAGE CODE
Language code of text/sound track or separate title eng
100 1# - MAIN ENTRY--PERSONAL NAME
Personal name Holmes, Donald B.
245 10 - TITLE STATEMENT
Title Air mail
246 10 - VARYING FORM OF TITLE
Title proper/short title an illustrated history 1793-1981
260 ## - PUBLICATION, DISTRIBUTION, ETC. (IMPRINT)
Place of publication, distribution, etc. New York
Name of publisher, distributor, etc. Clarkson N. Potter, Inc.
300 ## - PHYSICAL DESCRIPTION
Extent 226 pages
650 #0 - SUBJECT ADDED ENTRY--TOPICAL TERM
Topical term or geographic name as entry element Air Mail
700 1# - ADDED ENTRY--PERSONAL NAME
Personal name Svatos, Ladislav
Holdings
Withdrawn status Lost status Source of classification or shelving scheme Materials specified (bound volume or other part) Damaged status Not for loan Collection code Permanent Location Current Location Date acquired Total Checkouts Full call number Barcode Date last seen Price effective from Koha item type
      Hard Cover     CCODE 80 Northern Philatelic Library Northern Philatelic Library 03/21/2015   G3201 A298 H7496 1001745 04/15/2017 06/28/2015 Books

Powered by Koha